Využitie rôznych simulátorov pre návrh integrovaných obvodov

Enregistré dans:
Détails bibliographiques
Auteurs principaux: Beňo, Jozef (Auteur), Stopjaková, Viera, 1968- (Auteur)
Autres auteurs: Višňovec, Michal (Directeur de thèse)
Format: Manuscrit Livre
Langue:slovaque
Publié: Bratislava : STU v Bratislave FEI, 2008
Sujets:
Tags: Ajouter un tag
Pas de tags, Soyez le premier à ajouter un tag!

MARC

LEADER 00000ntm a22000003a 4500
001 stu179798
005 20150617230045.4
008 090211s2008----xo------------------slo-d
040 |a STU  |b slo 
041 0 |a slo 
044 |a xo 
100 1 |a Beňo, Jozef  |4 aut 
245 1 |a Využitie rôznych simulátorov pre návrh integrovaných obvodov 
260 |a Bratislava :  |b STU v Bratislave FEI,  |c 2008 
300 |a 80 s 
650 7 |a elektronika  |2 stusub 
650 7 |a Mikroelektronika  |2 stusub 
700 1 |a Višňovec, Michal  |4 ths 
700 1 |a Stopjaková, Viera,  |d 1968-  |4 aut  |u E030  |U FEI Fakulta elektrotechniky a informatiky  |T FEI Ústav elektroniky a fotoniky  |X 1939  |U E030  |Y 549  |7 A000001939